000 00905nam a22002657a 4500
005 20140704101009.0
008 130724b2013 -cn||||| ||||a00| 0 eng d
020 _a9782831716060
041 _aspa
044 _acn
082 _a344.04
_bG82g
245 _aGuía explicativa del Protocolo de Nagoya sobre acceso y participación en los beneficios
260 _aGland (Suiza)
_bUICN
_c2013
300 _a402 p.
_c28 cm.
490 _aUICN Serie de política y derecho ambiental
_v83
650 _aSeguridad de la biotecnología
_vguias
_924621
650 _aBiodiversidad
_xDerecho y legislación
_vguias
_924622
650 _aDerecho del medio ambiente
_9918
650 _aBiodiversidad
_xCooperación internacional
_924623
650 _aBiotecnología
_924624
700 1 _aGreiber, Thomas
_913296
700 1 _aPeña-Moreno, Sonia
_913299
700 1 _aAhren, Mattias
_913300
942 _2ddc
_cImpreso
999 _c8480
_d8480